| 000 | 00512nam a2200181Ia 4500 | ||
|---|---|---|---|
| 999 |
_c31898 _d31898 |
||
| 003 | OSt | ||
| 005 | 20200729115851.0 | ||
| 008 | 190216s9999||||xx |||||||||||||| ||und|| | ||
| 020 | _a9788181281111 | ||
| 040 | _coclc | ||
| 082 |
_a515.9 _bGAM/C |
||
| 100 |
_aGamelin, Theodore W _93842 |
||
| 245 | 0 |
_aComplex Analysis / _cTheodore W Gamelin |
|
| 260 |
_bSpringer - Neyook, _c2004. _aNew Delhi: |
||
| 300 | _a478p | ||
| 650 | _aMathematics | ||
| 942 |
_cBK _2ddc _h515.9 _iGAM/C _k515.9 _mGAM/C |
||